Variation de la richesse bacillaire en fonction du taux de lymphocytes T CD4 chez les malades tuberculeux à microscope positive, infectés par le virus de l'immunodéficience humaine, admis au CNHPP (Record no. 46735)
[ view plain ]
| 000 -LEADER | |
|---|---|
| fixed length control field | 00809nam a22002297a 4500 |
| 003 - CONTROL NUMBER IDENTIFIER | |
| control field | 0 |
| 005 - DATE AND TIME OF LATEST TRANSACTION | |
| control field | 20160609165259.0 |
| 008 - FIXED-LENGTH DATA ELEMENTS--GENERAL INFORMATION | |
| fixed length control field | 100118t xxu||||| |||| 00| 0 eng d |
| 037 ## - SOURCE OF ACQUISITION | |
| Stock number | M15475 |
| Source of stock number/acquisition | BIBLIO |
| 040 ## - SOURCE DU CATALOGAGE | |
| Original cataloging agency | BUAC |
| Language of cataloging | F |
| Transcribing agency | BEPAC |
| 082 ## - DEWEY DECIMAL CLASSIFICATION NUMBER | |
| Classification number | 27.ABM/AGOUA |
| 100 ## - VEDETTE PRINCIPALE - NOM DE PERSONNE | |
| Personal name | Agoua, Alida A. N. |
| 9 (RLIN) | 2856 |
| 130 ## - VEDETTE PRINCIPALE - TITRE UNIFORME | |
| Language of a work | fr |
| 9 (RLIN) | 12089 |
| 245 ## - TITLE STATEMENT | |
| Title | Variation de la richesse bacillaire en fonction du taux de lymphocytes T CD4 chez les malades tuberculeux à microscope positive, infectés par le virus de l'immunodéficience humaine, admis au CNHPP |
| 260 ## - PUBLICATION, DISTRIBUTION, ETC. (IMPRINT) | |
| Place of publication, distribution, etc | Abomey-calavi |
| Name of publisher, distributor, etc | EPAC-UAC |
| Date of publication, distribution, etc | -2008 |
| 300 ## - PHYSICAL DESCRIPTION | |
| Extent | II-56p |
| Dimensions | 29cm |
| 500 ## - GENERAL NOTE | |
| General note | Mem Ecole Polytechnique d'Abomey-Calavi <br/>2008 |
| 650 ## - SUBJECT ADDED ENTRY--TOPICAL TERM | |
| Topical term or geographic name as entry element | TAUX LYMPHOCYTES TCD4 |
| 9 (RLIN) | 2857 |
| 650 ## - SUBJECT ADDED ENTRY--TOPICAL TERM | |
| Topical term or geographic name as entry element | TUBERCULEUX |
| 9 (RLIN) | 2857 |
| 700 ## - ADDED ENTRY--PERSONAL NAME | |
| Personal name | Ousman A. M. BODI |
| 9 (RLIN) | 12090 |
| 942 ## - ADDED ENTRY ELEMENTS (KOHA) | |
| Koha item type | Thèse et Memoire |
| Withdrawn status | Lost status | Damaged status | Not for loan | Location (home branch) | Sublocation or collection (holding branch) | Date acquired | Source of acquisition | Koha issues (times borrowed) | Koha full call number | Piece designation (barcode) | Koha date last seen | Copy number | Price effective from | Koha item type |
|---|---|---|---|---|---|---|---|---|---|---|---|---|---|---|
| Bibliothèque Ecole Polytechnique d'Abomey-Calavi | Bibliothèque Ecole Polytechnique d'Abomey-Calavi | 09/12/2010 | Dépot légal | 27./ABM/AGO | M16212EPAC | 09/12/2010 | 1 | 09/12/2010 | Thèse et Memoire | |||||
| Bibliothèque Ecole Polytechnique d'Abomey-Calavi | Bibliothèque Ecole Polytechnique d'Abomey-Calavi | 10/12/2010 | Dépot légal | 27./ABM/AGO | M16229EPAC | 10/12/2010 | 2 | 10/12/2010 | Thèse et Memoire | |||||
| Bibliothèque Ecole Polytechnique d'Abomey-Calavi | Bibliothèque Ecole Polytechnique d'Abomey-Calavi | 10/12/2010 | Dépot légal | 27./ABM/AGO | M16230EPAC | 10/12/2010 | 3 | 10/12/2010 | Thèse et Memoire |